|
|
|
|
| LEADER |
00831nam a2200289 4500 |
| 001 |
DLU090069864 |
| 005 |
##20090514 |
| 040 |
# |
# |
|a DLU
|b eng
|
| 041 |
# |
# |
|a eng
|
| 044 |
# |
# |
|a US
|
| 100 |
# |
# |
|a Naaman, Dorit.
|
| 245 |
# |
# |
|a Unruly daughters to Mother Nation : Palestinian and Israeli first-person films /
|c Dorit Naaman.
|
| 653 |
# |
# |
|a Autobiographical memory
|
| 653 |
# |
# |
|a Israel
|
| 653 |
# |
# |
|a Motion pictures
|
| 653 |
# |
# |
|a Palestine
|
| 653 |
# |
# |
|a Women in motion pictures
|
| 773 |
# |
# |
|t Hypatia
|g Vol. 23, no. 2 (Spring 2008), p. 17-32
|
| 920 |
# |
# |
|a Phòng Tạp chí -- Trung tâm Thông tin - Thư viện Trường Đại học Đà Lạt
|
| 994 |
# |
# |
|a DLU
|
| 900 |
# |
# |
|a True
|
| 911 |
# |
# |
|a Trương Bảo Trâm Anh
|
| 925 |
# |
# |
|a G
|
| 926 |
# |
# |
|a A
|
| 927 |
# |
# |
|a BB
|
| 980 |
# |
# |
|a Thư viện Trường Đại học Đà Lạt
|